000 00770nam a2200241Ia 4500
003 GCL
005 20240530103242.0
008 140319s9999 xx 000 0 ara d
040 _aGCL /
_cGCL
082 0 4 _a320.101
_bد ك
100 1 _aدوبريه ، ريجيس
245 1 0 _aكى لا نستسلم /
_cريجيس دوبريه ، جان زيغلر ؛ ترجمة رينيه الحايك
300 _a115 ص
650 0 4 _aالماركسية
650 0 4 _aالعالم الثالث
650 0 4 _aالراسمالية
650 0 4 _aالنظام العالمى الحديث
650 0 4 _aالتخلف الاقتصادى
700 1 _aزيغلر، جان
700 1 _aرينية الحايك(مترجم)
700 1 _aبسام حجار
942 _2ddc
_cBK
999 _c37888
_d37888